00362nam a22001337a 450000500170000000800410001704100120005808200130007010000120008324500310009526000470012630000290017365000260020220240802080111.0240802b |||||||| |||| 00| 0 eng d aEnglish a349 SOU  lEnglish aSouth African Law Reports  aCape Town: bJuta and Company Ltd, c1946  bxi, 385 pages; c25 cm.  aLegal practice bLaw